000 00728nam a2200229 i 4500
001 31013
003 ES-MaACL
005 20250824222319.0
007 t|
008 030128s1970 sp d |||| | spa d
080 _a658.784
100 1 _aBattersby, Albert.
_926479
245 1 0 _aObesidad industrial y control de "stocks" /
_cAlbert Battersby ; [traducción de Rafael Gordillo].
260 _aSalamanca :
_bAnaya,
_c[1970]
300 _a207 p. :
_b1 gráf. ;
_c18 cm.
490 1 _aLibros económicos-empresariales
650 0 4 _aGestión de stocks.
_913117
700 1 _aGordillo, Rafael.
_959143
830 0 0 _aLibros económico-empresariales Anaya
_9220723
852 _aES-MaACL
_jC-42509
999 _c31013
_d31013